00485 a2200157 4500020001500000040001300015082001400028100001800042245009800060260004000158300001600198490003700214650003100251650002000282700002500302 a997164357X aDLCbDLC a808.0666510aPease, Allan.10aWrite language : the new secrets of writing letters that really workcAllan Pease, Paul Dunn.0 aSingaporeb: Heinemann Asia,c1994. axii, 130 p.0 aProfessional improvement series. 0aCommercial correspondence. 0aLetter-writing.10aDunn, Pauld, 1943-.